Les meilleurs buteurs de l'histoire de l'AC Milan - Statistiques

Statistiques générales
  • Ce quiz a été pris 104 fois
  • Le résultat moyen est 3 sur 10
Statistiques - réponses
Buts Nationalité Joueur % Correct
175 Ukraine Andrij Shevchenko
84%
126 Italie Filippo Inzaghi
76%
125 Pys-Bas Marco Van Basten
67%
104 Brèsil Kakà
52%
164 Italie Gianni Rivera
14%
221 Suède Gunnar Nordahl
12%
161 Brésil / Italie José Altafini
5%
131 Italie Aldo Boffi
2%
106 Italie Giuseppe Santagostino
0%
102 Italie Pierino Prati
0%
Aucun quiz correspondant
Distribution des résultats
% des personnes avec chaque résultat
Percentile par nombre de réponses
Votre historique - résultats
Vous n’avez pas pris ce quiz